000 00800nam a22001817a 4500
999 _c58684
_d58684
003 Ge_BSU
005 20220629104238.0
008 220628s2016 ge ||||| |||| 00| 0 geo d
041 _ageo
080 _a912(479.22) ს-32
245 _aსაქართველო :
_bპოლიტიკურ-ადმინისტრაციული რუკა /
_cრედაქტორი ნ. ფეიქრიშვილი.
264 _aთბილისი :
_b''გეოიდი 2011'',
_c2016.
300 _a1: 600 000
653 _aსაქართველო
653 _aპოლიტიკურ-ადმინისტრაციული რუკა
700 _aფეიქრიშვილი, ნოდარ
_eრედაქტორი
_914240
942 _2udc
_cMP